000 00744nam a2200265Ia 4500
008 170711s9999 xx 000 0 und d
020 _a9789719905035
050 _a302.22
050 _bG943 2011
100 _aGuia, Clarissa D. C.
245 _aSpeech & oral communication /
245 _cby Clarissa Dela Cruz Guia, Lucina P. Uriarte and Lucivilla L. Marcos.
260 _aManila :
260 _bMindshapers Co., Inc.,
260 _c2011
300 _axiii, 202 pages :
300 _billustrations ;
300 _c22cm.
500 _aIncludes bibliographic reference.
650 _aCommunication.
650 _aOral communication.
700 _aMarcos, Lucivilla L.
700 _aTitle.
700 _aUriarte, Lucina P.
999 _c339993
_d339993